Páginas escogidas
保存先:
| 第一著者: | |
|---|---|
| フォーマット: | 図書 |
| 言語: | Undetermined |
| 出版事項: |
La Habana, Cuba
Ciencias Sociales
1974
|
| 版: | 3 |
| 主題: | |
| タグ: |
タグ追加
タグなし, このレコードへの初めてのタグを付けませんか!
|
MARC
| LEADER | 00000nam a2200000Ia 4500 | ||
|---|---|---|---|
| 008 | 170316s9999 xx 000 0 und d | ||
| 040 | |a cru BVZT | ||
| 090 | |a 860 M-7p | ||
| 100 | |a Martí, José | ||
| 245 | |a Páginas escogidas | ||
| 250 | |a 3 | ||
| 260 | |a La Habana, Cuba | ||
| 260 | |b Ciencias Sociales | ||
| 260 | |c 1974 | ||
| 300 | |a 392 páginas | ||
| 650 | |a LITERATURA LATINOAMERICANA | ||
| 999 | |c 8986 |d 8986 | ||
| 942 | |c 15 D |h 860 M-7p |2 z | ||
